The discovery of the Americas: (Record no. 7274)
[ view plain ]
| 000 -LEADER | |
|---|---|
| fixed length control field | 01000nam a22002537a 4500 |
| 001 - CONTROL NUMBER | |
| control field | 7274 |
| 003 - CONTROL NUMBER IDENTIFIER | |
| control field | FISKH |
| 005 - DATE AND TIME OF LATEST TRANSACTION | |
| control field | 20250707104339.0 |
| 008 - FIXED-LENGTH DATA ELEMENTS--GENERAL INFORMATION | |
| fixed length control field | 250707b cb ||||| |||| 00| 0 eng d |
| 020 ## - INTERNATIONAL STANDARD BOOK NUMBER | |
| International Standard Book Number | 9780688115128 |
| 040 ## - CATALOGING SOURCE | |
| Original cataloging agency | FISKH |
| Language of cataloging | eng |
| Transcribing agency | FISKH |
| Modifying agency | FISKH |
| 050 ## - LIBRARY OF CONGRESS CALL NUMBER | |
| Classification number | E101 .M29 |
| 082 ## - DEWEY DECIMAL CLASSIFICATION NUMBER | |
| Classification number | 917.041 |
| 100 ## - MAIN ENTRY--PERSONAL NAME | |
| Personal name | Maestro, Betsy |
| 245 ## - TITLE STATEMENT | |
| Title | The discovery of the Americas: |
| Remainder of title | From prehistory through the age of Columbus / |
| Statement of responsibility, etc. | By Betsy and Giulo Maestro |
| 250 ## - EDITION STATEMENT | |
| Edition statement | First Paperback edition 1992 |
| 260 ## - PUBLICATION, DISTRIBUTION, ETC. | |
| Place of publication, distribution, etc. | New York : |
| Name of publisher, distributor, etc. | Harper Collins Publisher, |
| Date of publication, distribution, etc. | 1991 |
| 300 ## - PHYSICAL DESCRIPTION | |
| Extent | 48 pages : |
| Other physical details | color illustrations ; |
| Dimensions | 28 cm |
| 520 ## - SUMMARY, ETC. | |
| Summary, etc. | Discusses both hypothetical and historical voyages of discovery to America by the Phoenicians, Saint Brendan of Ireland, the Vikings, and such later European navigators as Columbus, Cabot, and Magellan. |
| 650 ## - SUBJECT ADDED ENTRY--TOPICAL TERM | |
| Topical term or geographic name entry element | Christopher Columbus |
| Form subdivision | American history |
| General subdivision | Discovery of America |
| 700 ## - ADDED ENTRY--PERSONAL NAME | |
| Personal name | Maestro, Giulo |
| Relator term | Author |
| 942 ## - ADDED ENTRY ELEMENTS (KOHA) | |
| Source of classification or shelving scheme | Dewey Decimal Classification |
| Koha item type | Books |
| Suppress in OPAC | No |
| Withdrawn status | Lost status | Source of classification or shelving scheme | Damaged status | Not for loan | Collection | Home library | Current library | Shelving location | Date acquired | Total Checkouts | Full call number | Barcode | Date last seen | Date last checked out | Copy number | Price effective from | Koha item type |
|---|---|---|---|---|---|---|---|---|---|---|---|---|---|---|---|---|---|
| Dewey Decimal Classification | Non-Fiction | Footprints International School Library Network Toul Kork Campus | Footprints International School Library Network Toul Kork Campus | A TK Campus, 4th Floor, Room B401, Non-Fiction Bookcases(7-8) | 07/07/2025 | 1 | MAE 917.041 E101 .M29 | FISTK00716 | 12/11/2025 | 12/04/2025 | 1 | 07/07/2025 | Books |
